Lavoisier Abonnements Guide Technique 1994
Đã lưu trong:
| Format: | Bog |
|---|---|
| Sprog: | Undetermined |
| Udgivet: |
Paris
1994
|
| Fag: | |
| Tags: |
Tilføj Tag
Ingen Tags, Vær først til at tagge denne postø!
|
| Thư viện lưu trữ: | Trung tâm Học liệu Trường Đại học Cần Thơ |
|---|
| LEADER | 00429nam a2200157Ia 4500 | ||
|---|---|---|---|
| 001 | CTU_28108 | ||
| 008 | 210402s9999 xx 000 0 und d | ||
| 082 | |a 629.1326 | ||
| 082 | |b L392 | ||
| 245 | 0 | |a Lavoisier Abonnements | |
| 245 | 0 | |b Guide Technique 1994 | |
| 260 | |a Paris | ||
| 260 | |c 1994 | ||
| 650 | |a technology - information services | ||
| 904 | |i Sáng, 981007 | ||
| 980 | |a Trung tâm Học liệu Trường Đại học Cần Thơ | ||